| 000 | 00446pab a2200169 454500 | ||
|---|---|---|---|
| 008 | 180718b1983 xxu||||| |||| 00| 0 eng d | ||
| 100 | _aMisra, B.B. | ||
| 245 | _aEvolution of the concept of administrative accountability | ||
| 260 | _c1983 | ||
| 300 | _ap.435-445. | ||
| 362 | _aJul-Sep | ||
| 650 | _aAccountability | ||
| 650 | _aPublic administration | ||
| 773 | _aIndian Journal of Public Administration | ||
| 908 | _aN | ||
| 909 | _a39313 | ||
| 999 |
_c39313 _d39313 |
||